000 00798nam a22002537a 4500
005 20170123162312.0
010 _aB-200917
020 _c125.00
_a818247218
035 _aB-200917
037 _bCen Lib/Ret
040 _aDPL
_bUR
082 _aن
_bش ر م
100 _aشرما، آر.ڈی
_9831
245 _a کریُتے ہو جو اب راکھ /
_cآر ڈی شرما
246 _aKaryute jo javabe raakh /
_bby R.D. Sharma
260 _aچندیگڑھ
_bچندیگڑھ ساہتیہ اکادمی
_c2006
270 _aSCO 57-59,
_bچندیگڑھ
_e160017
300 _a96p.
_c21cm(Hb)
650 _aاردو ادب
_9112320
650 _aاردو ناول
_9547
650 _aUrdu literature
_9112321
650 _aUrdu novel
_9112322
942 _2ddc
_cUR
_hن
_mش ر م
999 _c106474
_d106474